Teatro guatemalteco contemporáneo
Saved in:
| Hovedforfatter: | |
|---|---|
| Format: | Bog |
| Sprog: | spansk |
| Udgivet: |
Madrid
Aguilar
1964
|
| Serier: | Teatro contamporáneo
|
| Fag: | |
| Tags: |
Tilføj Tag
Ingen Tags, Vær først til at tagge denne postø!
|
MARC
| LEADER | 00000nam a2200000 a 4500 | ||
|---|---|---|---|
| 001 | UCV9221 | ||
| 003 | CL-VaPUC | ||
| 008 | 920709e19640000SP |||||||||||||||||spa|d | ||
| 082 | 0 | 4 | |a Gu862 |b SOL |2 21 |
| 100 | 0 | |a Solorzano, Carlos |e author |9 303214 | |
| 245 | 1 | 0 | |a Teatro guatemalteco contemporáneo |
| 300 | |a 327 p | ||
| 942 | |c BK | ||
| 945 | |d 19920709 00:00:00 | ||
| 260 | |a Madrid |b Aguilar |c 1964 | ||
| 650 | 7 | |a DRAMAS GUATEMALTECOS |2 CL-VaPUC |9 267800 | |
| 583 | |a last modification |c 19920709 00:00:00 |k Rodrigo Vera | ||
| 490 | 0 | |a Teatro contamporáneo | |
| 999 | |c 214592 |d 214590 | ||
| 952 | |0 0 |1 0 |4 0 |6 GU_862_000000000000000_SOL_1964 |7 0 |8 P |9 198147 |a BIBARQ |b BIBARQ |d 2019-11-14 |i 2657015 |o Gu862 SOL 1964 |p 2657015 |r 2025-01-20 |w 2019-11-14 |y BK |k ARQ | ||